Essential grammar in use: a self-study reference and practice book for elementary students of english with answers/

Saved in:
书目详细资料
主要作者: Murphy Raymond
格式: 图书
出版: New York: Cambridge university press, c2007.
版:3rd ed.
主题:
标签: 添加标签
没有标签, 成为第一个标记此记录!

MARC

LEADER 00000nam a22000007a 4500
005 20260419111225.0
020 |a 9780521675802  |c TZS 94,000/= 
040 |a MCCL  |b eng.  |e AACR 2nd rev. ed. 
082 |a 428 MUR 
100 |a Murphy Raymond 
245 |a Essential grammar in use:  |b a self-study reference and practice book for elementary students of english with answers/  |c Raymond Murphy 
250 |a 3rd ed. 
260 |a New York:  |b Cambridge university press,  |c c2007. 
300 |a xi,319p.:  |b ill.col.;  |c 24 cm. 
546 |a eng. 
650 |a Grammar in use 
942 |c BK 
999 |c 12703  |d 12703